Geology and hydrology of northeastern Nassau County, Long Island, New York / (Record no. 30231)

MARC details
000 -LEADER
fixed length control field 02235cam a22003611 4500
001 - CONTROL NUMBER
control field gs 66000241
003 - CONTROL NUMBER IDENTIFIER
control field DLC
005 - DATE AND TIME OF LATEST TRANSACTION
control field 20260227111419.0
008 - FIXED-LENGTH DATA ELEMENTS--GENERAL INFORMATION
fixed length control field 780801s1966 dcuab b f000 0 eng c
010 ## - LIBRARY OF CONGRESS CONTROL NUMBER
LC control number gs 66000241
035 ## - SYSTEM CONTROL NUMBER
System control number (OCoLC)4102035
040 ## - CATALOGING SOURCE
Original cataloging agency U.S. Geol. Survey. Library.
Transcribing agency CLS
Modifying agency OCoLC
-- DLC
042 ## - AUTHENTICATION CODE
Authentication code premarc
043 ## - GEOGRAPHIC AREA CODE
Geographic area code n-u-ny
050 00 - LIBRARY OF CONGRESS CALL NUMBER
Classification number TC801
Item number .U2 no. 1825
082 ## - DEWEY DECIMAL CLASSIFICATION NUMBER
Classification number 851.4/9/09747245
100 1# - MAIN ENTRY--PERSONAL NAME
Personal name Isbister, John.
245 10 - TITLE STATEMENT
Title Geology and hydrology of northeastern Nassau County, Long Island, New York /
Statement of responsibility, etc. by John Isbister.
260 ## - PUBLICATION, DISTRIBUTION, ETC.
Place of publication, distribution, etc. Washington :
Name of publisher, distributor, etc. U.S. Govt. Print. Off.,
Date of publication, distribution, etc. 1966.
300 ## - PHYSICAL DESCRIPTION
Extent vi, 80 p. :
Other physical details ill., maps ;
Dimensions 24 cm.
440 #0 - SERIES STATEMENT/ADDED ENTRY--TITLE
Title Geological Survey water-supply paper ;
Volume/sequential designation 1825
500 ## - GENERAL NOTE
General note Part of illustrative matter folded in pocket.
500 ## - GENERAL NOTE
General note "Prepared in cooperation with the Nassau County Department of Public Works and the New York State Water Resources Commission."
501 ## - WITH NOTE
With note Copy 1 with: Ground-water levels in the United States 1960-64. South-central states / prepared under the direction of C. L. McGuinness -- Water resources of the Ipswich River Basin, Massachusetts / by E. A. Sammel, J. A. Baker and R. A. Brackley. Washington : Govt. Print. Off., 1966-1967. Bound together subsequent to publication.
Institution to which field applies DLC
501 ## - WITH NOTE
With note Copy 2 with: Water resources of the Ipswich River Basin, Massachusetts / by E. A. Sammel, J. A. Baker and R. A. Brackley -- Form and stability of aluminum hydroxide complexes in dilute solution / by J. D. Hem and C. E. Roberson --Graphical methods for studies of aqueous aluminum hydroxide, fluoride, and sulfate complexes / by J. D. Hem -- Solubility of aluminum in the presence of hydroxide fluoride, and sulfate / by C. E. Roberson and J. D. Hem. Washington : Govt. Print. Off., 1966-1969. Bound together subsequent to publication.
Institution to which field applies DLC
504 ## - BIBLIOGRAPHY, ETC. NOTE
Bibliography, etc. note Bibliography: p. 83-85.
650 #0 - SUBJECT ADDED ENTRY--TOPICAL TERM
Topical term or geographic name entry element Geology
Geographic subdivision New York (State)
-- Nassau County.
650 #0 - SUBJECT ADDED ENTRY--TOPICAL TERM
Topical term or geographic name entry element Water-supply
Geographic subdivision New York (State)
-- Nassau County.
650 #0 - SUBJECT ADDED ENTRY--TOPICAL TERM
Topical term or geographic name entry element Groundwater
Geographic subdivision New York (State)
-- Nassau County.
650 #0 - SUBJECT ADDED ENTRY--TOPICAL TERM
Topical term or geographic name entry element Water
General subdivision Analysis.
710 1# - ADDED ENTRY--CORPORATE NAME
Corporate name or jurisdiction name as entry element Nassau County (N.Y.).
Subordinate unit Department of Public Works.
710 1# - ADDED ENTRY--CORPORATE NAME
Corporate name or jurisdiction name as entry element New York (State).
Subordinate unit Water Resources Commission.

No items available.

Powered by Koha